000 00346nam a22001457a 4500
008 250423b ||||| |||| 00| 0 eng d
020 _a9780691142166
041 _aeng
080 _22009
_a101REI
082 _2101REI
_a101REI
100 _a42
101 _aFILOZOFI
245 _aTHIS TIME IS DIFFERENT
_cCARMEN M.REINHART
942 _2udc
_cBK
999 _c60702
_d60702